Analýza dopadu GDPR na programy řízení rizik třetích stran a související doručení pro tuzemskou i zahraniční korporační praxi
Pripravenosť obchodných spoločností spĺňať požiadavky na ochranu osobných údajov v súvislosti s ich dodávateľmi v praxi. Dodržiavanie daných požiadaviek zahŕňa špecifický metodický prístup, ktorý by mal byť starostlivo integrovaný do programu riadenia rizík tretích strán. Pred ich zavedením je dôlež...
Salvato in:
| Autore principale: | |
|---|---|
| Natura: | Capitolo di libro |
| Lingua: | ceco |
| Soggetti: | |
| Tags: |
Nessun Tag, puoi essere il primo ad aggiungerne!!
|
MARC
| LEADER | 00000naa a2200000 4500 | ||
|---|---|---|---|
| 001 | 0267571 | ||
| 005 | 20240426085610.2 | ||
| 041 | 0 | |a cze | |
| 044 | |a CZ | ||
| 245 | 1 | 0 | |a Analýza dopadu GDPR na programy řízení rizik třetích stran a související doručení pro tuzemskou i zahraniční korporační praxi |c Lucie Andreisová |
| 520 | |a Pripravenosť obchodných spoločností spĺňať požiadavky na ochranu osobných údajov v súvislosti s ich dodávateľmi v praxi. Dodržiavanie daných požiadaviek zahŕňa špecifický metodický prístup, ktorý by mal byť starostlivo integrovaný do programu riadenia rizík tretích strán. Pred ich zavedením je dôležité pochopiť, akým spôsobom GDPR kladie na dodávateľov nové požiadavky a ovplyvňuje tak celkové vzťahy. | ||
| 610 | 2 | 0 | |a spoločnosti obchodné |
| 610 | 2 | 0 | |a bezpečnosť informačná |
| 610 | 2 | 0 | |a ochrana údajov osobných |
| 610 | 2 | 0 | |a riadenie rizík |
| 610 | 2 | 0 | |a dodávatelia |
| 610 | 2 | 0 | |a GDPR |
| 100 | 1 | |a Andreisová, Lucie | |